Moderný feminizmus v prostredí medzinárodných vzťahov bakalárska práca

Saved in:
Bibliographic Details
Main Author: Šobáňová, Karin
Corporate Author: Fakulta medzinárodných vzťahov EU. Katedra medzinárodných politických vzťahov
Other Authors: Krupová, Kristína, 1993-
Format: Book
Language:Slovak
Published: Bratislava 2021
Tags: Add Tag
No Tags, Be the first to tag this record!

MARC

LEADER 00000nbm a2200000 4500
001 0293115
005 20240612141957.2
041 0 |a slo 
044 |a SK 
245 1 0 |a Moderný feminizmus v prostredí medzinárodných vzťahov  |b bakalárska práca  |c Karin Šobáňová ; školiteľ: Kristína Krupová 
264 1 |a Bratislava  |c 2021 
300 |a 50 s. 
100 1 |a Šobáňová, Karin 
700 1 |a Krupová, Kristína, 1993- 
710 2 |a Fakulta medzinárodných vzťahov EU. Katedra medzinárodných politických vzťahov